000 00608nam a2200265Ia 4500
005 20260306164206.0
008 008 260114s9999 xx 000 0 eng d
020 _a9780823261031
037 _aEBOOK
040 _aCRL
040 _beng
040 _cCRL
041 _2eng
041 _aeng
084 _qCRL
100 _aKaag
_91130187
245 0 _aThinking Through The Imagination
260 _bFordham University Press
260 _c2014
650 _aPhilosophy
856 _uhttps://academic.oup.com/book/44805
942 _cEBOOK
999 _c1713116
_d1713116